Statistics for Country Facts #1

Click here to take the quiz!

General Stats

  • This quiz has been taken 13 times
  • The average score is 8 of 18

Answer Stats

FactUnited StatesChinaUnited KingdomIndiaJapan% Correct
London
100%
New Delhi
100%
Tokyo
100%
CapitalWashingtonBeijingLondonNew DelhiTokyo
100%
Beijing
92%
Largest CityNew YorkShanghaiLondonMumbaiTokyo
92%
Mumbai
83%
Shanghai
83%
127 million
25%
65 million
25%
1.311 million
17%
Population321 million1.371 billion65 million1.311 billion127 million
17%
1.371 billion
8%
1.3 million
0%
146 thousand
0%
Area (mi²)3.7 million3.8 million93 thousand1.3 million146 thousand
0%
3.8 million
0%
93 thousand
0%

Score Distribution

Percentile by Number Answered

Percent of People with Each Score

Your Score History

You have not taken this quiz